Highest Point in each U.S. State - Statistics

General Stats
  • This quiz has been taken 33 times
  • The average score is 18 of 50
Answer Stats
Height (ft) State Highest Point % Correct
20,310 Alaska Denali
96%
14,498 California Mount Whitney
92%
14,433 Colorado Mount Elbert
79%
14,411 Washington Mount Rainier
79%
13,796 Hawaii Mauna Kea
75%
11,239 Oregon Mount Hood
75%
6,288 New Hampshire Mount Washington
71%
4,139 Kentucky Black Mountain
46%
6,643 Tennessee Clingmans Dome
46%
5,268 Maine Katahdin
46%
5,344 New York Mount Marcy
46%
6,684 North Carolina Mount Mitchell
46%
13,804 Wyoming Gannett Peak
42%
13,161 New Mexico Wheeler Peak
42%
13,140 Nevada Boundary Peak
38%
12,799 Montana Granite Peak
38%
8,749 Texas Guadalupe Peak
38%
12,633 Arizona Humphreys Peak
38%
4,039 Kansas Mount Sunflower
38%
345 Florida Britton Hill
33%
1,670 Iowa Hawkeye Point
33%
3,487 Massachusetts Mount Greylock
33%
4,393 Vermont Mount Mansfield
33%
5,729 Virginia Mount Rogers
33%
7,231 South Dakota Black Elk Peak
29%
12,662 Idaho Borah Peak
29%
4,784 Georgia Brasstown Bald
29%
450 Delaware Ebright Azimuth
29%
1,803 New Jersey High Point
29%
13,528 Utah Kings Peak
29%
4,973 Oklahoma Black Mesa
25%
1,235 Illinois Charles Mound
25%
2,301 Minnesota Eagle Mountain
25%
1,257 Indiana Hoosier Hill
25%
4,861 West Virginia Spruce Knob
25%
3,506 North Dakota White Butte
25%
806 Mississippi Woodall Mountain
25%
2,753 Arkansas Magazine Mountain
21%
5,429 Nebraska Panorama Point
21%
2,405 Alabama Cheaha Mountain
17%
535 Louisiana Driskill Mountain
17%
1,979 Michigan Mount Arvon
17%
3,213 Pennsylvania Mount Davis
17%
2,382 Connecticut Mount Frissell
17%
1,772 Missouri Taum Sauk Mountain
17%
812 Rhode Island Jerimoth Hill
13%
3,554 South Carolina Sassafras Mountain
13%
1,951 Wisconsin Timms Hill
13%
3,360 Maryland Backbone Mountain
8%
1,549 Ohio Campbell Hill
8%
No matching quizzes found
Score Distribution
Percent of People with Each Score
Percentile by Number Answered
Your Score History
You have not taken this quiz